Llwytho...

Television in Contemporary Asia

Manylion Llyfryddiaeth
Prif Awdur: David French & Michael Richards (Ed)
Fformat: Printed Book
Cyhoeddwyd: Sage Publications, New Delhi 2000
LEADER 00378nam a2200109 4500
082
100 |a David French & Michael Richards (Ed) 
245 |a Television in Contemporary Asia  |c David French & Michael Richards (Ed) 
260 |a Sage Publications, New Delhi  |c 2000 
942 |c BK 
999 |c 198038  |d 198038 
952 |0 0  |1 0  |4 0  |7 0  |9 211387  |a DCI  |b DCI  |d 2019-10-29  |l 0  |p DCI4770  |r 2019-10-29  |w 2019-10-29  |y BK